TOP 10 MARQUEURS DANS UN MATCH NBA - Statistiques

Statistiques générales
  • Ce quiz a été pris 78 fois
  • Le résultat moyen est 9 sur 13
Statistiques - réponses
Classement Team VS Année Points Réponse % Correct
3 Lakers Raptors 2006 81 Bryant
93%
2 Heat Wizards 2026 83 Adebayo
91%
1 Warriors Knicks 1962 100 Chamberlain
91%
4 Warriors Lakers 1961 78 Chamberlain
91%
5 Warriors Knicks 1962 73 Chamberlain
91%
5 Warriors Packers 1962 73 Chamberlain
91%
9 Warriors Lakers 1962 72 Chamberlain
91%
5 Mavericks Hawks 2024 73 Doncic
87%
10 Cavaliers Bulls 2023 71 Mitchell
75%
10 Spurs Clippers 1994 71 Robinson
57%
10 Blazers Rockets 2023 71 Lilard
30%
10 Lakers Knicks 1960 71 Baylor
23%
5 Nuggets Pistons 1978 73 Thompson
17%
Aucun quiz correspondant
Distribution des résultats
% des personnes avec chaque résultat
Percentile par nombre de réponses
Votre historique - résultats
Vous n’avez pas pris ce quiz